000 01020nam a22003017a 4500
001 7623
003 FISKH
005 20250728111306.0
008 250728b cb ||||| |||| 00| 0 eng d
020 _a630415006993
040 _aFISKH
_beng
_cFISKH
_dFISKH
050 _aPZ7.S7869 R
082 _a303
100 _aStanley, Diane
245 _aRaising sweetness /
_cBy Diane Stanley : Illustrated G. Brian Karas
260 _aNew York :
_bPuffin Books ,
_c2002.
300 _a32 unnumbered pages :
_bcolor illustrations ;
_c26 cm .
490 _aSweetness
_v2
505 _aQ
520 _aSweetness, one of eight orphans living with a man who is an unconventional housekeeper, learns to read and writes an important letter to improve their situation.
521 8 _a680
_bLexile
521 8 _aQ
_bRaz-Plus
650 _aOrphans
_vJuvenile Literature
650 _aImmediate read
_vJuvenile Literature
700 _aKaras, G. Brian
_eIllustrator
942 _2ddc
_cBK
_n0
999 _c7623
_d7623